Movies Quiz

Random Movies Quiz

New York Movies (image) Quiz Stats

 Plays Quiz not verified by Sporcle

Challenge
Share
Tweet
Score 0/91 Timer 15:00
0 Plays Today
Number Movie % Correct
71Ghost
93.4%
81Men in Black
91.8%
50King Kong
91.5%
1Ghostbusters
90.5%
23Spiderman
80.8%
25Citizen Kane
80.8%
88Godzilla
79.8%
83X-Men
77%
55Elf
68.1%
21Big
65.3%
2Night at the Museum
61.5%
91Fantastic 4
59.6%
65I Am Legend
55.5%
31Daredevil
54.3%
70Big Daddy
53.6%
72When Harry Met Sally
53%
75Gangs of New York
50.8%
62Rear Window
49.8%
20Annie Hall
45.7%
61Shaft
44.8%
47Miracle on 34th Street
44.2%
43Breakfast at Tiffany's
43.8%
67Taxi Driver
43.2%
74Cloverfield
41.3%
48The Godfather
38.8%
76Spiderman 2
36.6%
39Enchanted
36.3%
27The Producers
34.4%
3Rosemary's Baby
32.2%
45The Seven Year Itch
32.2%
24Manhattan
31.9%
Number Movie % Correct
60Escape from New York
30.9%
32Tootsie
30.6%
54Spiderman 3
30.3%
80Wall Street
29.7%
79Crocodile Dundee
29.3%
13Madagascar
28.7%
85Splash
28.1%
66The Warriors
27.8%
12Antz
26.8%
63 Men and a Baby
26.5%
36Being John Malkovich
26.2%
40Midnight Cowboy
23.7%
73Die Hard with a Vengeance
23.3%
86An American Tail
23.3%
4You've Got Mail
21.8%
35Death to Smoochy
21.5%
63Searching for Bobby Fischer
21.5%
5Black Swan
20.2%
10Hair
20.2%
68Coyote Ugly
20.2%
29Phone Booth
18.9%
26The Jazz Singer
16.7%
34Zoolander
16.1%
16Sex and the City
15.8%
44Quiz Show
15.8%
14Cruel Intentions
15.5%
51Sleepless in Seattle
15.5%
42Private Parts
14.5%
52On the Town
12.9%
9Godspell
11.7%
38Mr. and Mrs. Smith
11.7%
Number Movie % Correct
87Funny Girl
11%
37Last Action Hero
10.7%
59North by Northwest
10.7%
49Nick and Norah's Infinite Playlist
9.5%
77Pi
9.5%
11Serendipity
9.1%
41A Boy Named Charlie Brown
8.5%
18Mighty Aphrodite
8.2%
56The Fisher King
8.2%
69 At First Sight
7.9%
64Barefoot in the Park
7.6%
82Dressed to Kill
7.3%
90Hudson Hawk
7.3%
19Thomas Crown Affair
6.9%
28The Muppets Take Manhattan
6.9%
33All About Eve
6.9%
53An Affair to Remember
6.6%
22Cocktail
5.7%
57Carlito's Way
5.4%
58Q: The Winged Serpent
5.4%
84Saboteur
5.4%
30Bullets Over Broadway
4.7%
46How to Marry a Millionaire
4.4%
8Deconstructing Harry
4.1%
15Butterfield 8
3.5%
78Boomerang
2.8%
7It Should Happen to You
2.2%
89The Naked City
2.2%
17Everyone Says I Love You
1.9%

You're not logged in!

Compare scores with friends on all Sporcle quizzes.
OR
Log In

You Might Also Like...

Show Comments

Extras

Top Quizzes Today


Score Distribution

Your Account Isn't Verified!

In order to create a playlist on Sporcle, you need to verify the email address you used during registration. Go to your Sporcle Settings to finish the process.

Report this User

Report this user for behavior that violates our Community Guidelines.

Details: